<?xml version="1.0" encoding="UTF-8"?>
<record
    xmlns:xsi="http://www.w3.org/2001/XMLSchema-instance"
    xsi:schemaLocation="http://www.loc.gov/MARC21/slim http://www.loc.gov/standards/marcxml/schema/MARC21slim.xsd"
    xmlns="http://www.loc.gov/MARC21/slim">

  <leader>04260nam a22003137a 4500</leader>
  <controlfield tag="003">NALT</controlfield>
  <controlfield tag="005">20240622142219.0</controlfield>
  <controlfield tag="008">240224b        th ||||| |||| 00| 0 tha d</controlfield>
  <datafield tag="040" ind1=" " ind2=" ">
    <subfield code="a">NALT</subfield>
  </datafield>
  <datafield tag="041" ind1=" " ind2=" ">
    <subfield code="a">tha</subfield>
  </datafield>
  <datafield tag="050" ind1=" " ind2=" ">
    <subfield code="a">HF 1594.55</subfield>
    <subfield code="b">&#xE1E;733&#xE01; 2559</subfield>
  </datafield>
  <datafield tag="100" ind1="0" ind2=" ">
    <subfield code="9">35925</subfield>
    <subfield code="a">&#xE1E;&#xE34;&#xE23;&#xE34;&#xE22;&#xE30; &#xE1C;&#xE25;&#xE1E;&#xE34;&#xE23;&#xE38;&#xE2C;&#xE2B;&#xE4C;</subfield>
  </datafield>
  <datafield tag="245" ind1="1" ind2="0">
    <subfield code="a">&#xE01;&#xE32;&#xE23;&#xE04;&#xE49;&#xE32;&#xE23;&#xE30;&#xE2B;&#xE27;&#xE48;&#xE32;&#xE07;&#xE1B;&#xE23;&#xE30;&#xE40;&#xE17;&#xE28;&#xE40;&#xE1E;&#xE37;&#xE48;&#xE2D;&#xE25;&#xE14;&#xE04;&#xE27;&#xE32;&#xE21;&#xE40;&#xE2B;&#xE25;&#xE37;&#xE48;&#xE2D;&#xE21;&#xE25;&#xE4D;&#xE49;&#xE32;&#xE41;&#xE25;&#xE30;&#xE01;&#xE32;&#xE23;&#xE40;&#xE15;&#xE34;&#xE1A;&#xE42;&#xE15;&#xE2D;&#xE22;&#xE48;&#xE32;&#xE07;&#xE2A;&#xE21;&#xE14;&#xE38;&#xE25;&#xE2A;&#xE33;&#xE2B;&#xE23;&#xE31;&#xE1A;&#xE1B;&#xE23;&#xE30;&#xE40;&#xE17;&#xE28;&#xE44;&#xE17;&#xE22; /</subfield>
    <subfield code="c">&#xE04;&#xE13;&#xE30;&#xE1C;&#xE39;&#xE49;&#xE27;&#xE34;&#xE08;&#xE31;&#xE22; &#xE1E;&#xE34;&#xE23;&#xE34;&#xE22;&#xE30; &#xE1C;&#xE25;&#xE1E;&#xE34;&#xE23;&#xE38;&#xE2C;&#xE2B;&#xE4C; &#xE2B;&#xE31;&#xE27;&#xE2B;&#xE19;&#xE49;&#xE32;&#xE42;&#xE04;&#xE23;&#xE07;&#xE01;&#xE32;&#xE23; ; &#xE1B;&#xE31;&#xE07;&#xE1B;&#xE2D;&#xE19;&#xE14;&#xE4C; &#xE23;&#xE31;&#xE01;&#xE2D;&#xE33;&#xE19;&#xE27;&#xE22;&#xE01;&#xE34;&#xE08;... [&#xE41;&#xE25;&#xE30;&#xE04;&#xE19;&#xE2D;&#xE37;&#xE48;&#xE19; &#xE46;] &#xE19;&#xE31;&#xE01;&#xE27;&#xE34;&#xE08;&#xE31;&#xE22;.</subfield>
  </datafield>
  <datafield tag="250" ind1=" " ind2=" ">
    <subfield code="a">&#xE1E;&#xE34;&#xE21;&#xE1E;&#xE4C;&#xE04;&#xE23;&#xE31;&#xE49;&#xE07;&#xE41;&#xE23;&#xE01;.</subfield>
  </datafield>
  <datafield tag="260" ind1=" " ind2=" ">
    <subfield code="a">&#xE01;&#xE23;&#xE38;&#xE07;&#xE40;&#xE17;&#xE1E;&#xE2F; :</subfield>
    <subfield code="b">&#xE2A;&#xE16;&#xE32;&#xE1A;&#xE31;&#xE19;&#xE23;&#xE30;&#xE2B;&#xE27;&#xE48;&#xE32;&#xE07;&#xE1B;&#xE23;&#xE30;&#xE40;&#xE17;&#xE28;&#xE40;&#xE1E;&#xE37;&#xE48;&#xE2D;&#xE01;&#xE32;&#xE23;&#xE04;&#xE49;&#xE32;&#xE41;&#xE25;&#xE30;&#xE01;&#xE32;&#xE23;&#xE1E;&#xE31;&#xE12;&#xE19;&#xE32; (&#xE2D;&#xE07;&#xE04;&#xE4C;&#xE01;&#xE32;&#xE23;&#xE21;&#xE2B;&#xE32;&#xE0A;&#xE19;),</subfield>
    <subfield code="c">2559.</subfield>
  </datafield>
  <datafield tag="300" ind1=" " ind2=" ">
    <subfield code="a">xl, 43-377 &#xE2B;&#xE19;&#xE49;&#xE32; :</subfield>
    <subfield code="b">&#xE20;&#xE32;&#xE1E;&#xE1B;&#xE23;&#xE30;&#xE01;&#xE2D;&#xE1A;, &#xE15;&#xE32;&#xE23;&#xE32;&#xE07; ;</subfield>
    <subfield code="c">24 &#xE0B;&#xE21;.</subfield>
  </datafield>
  <datafield tag="505" ind1="2" ind2=" ">
    <subfield code="a">&#xE01;&#xE23;&#xE2D;&#xE1A;&#xE41;&#xE19;&#xE27;&#xE04;&#xE34;&#xE14;&#xE02;&#xE2D;&#xE07;&#xE01;&#xE32;&#xE23;&#xE04;&#xE49;&#xE32;&#xE23;&#xE30;&#xE2B;&#xE27;&#xE48;&#xE32;&#xE07;&#xE1B;&#xE23;&#xE30;&#xE40;&#xE17;&#xE28;&#xE40;&#xE1E;&#xE37;&#xE48;&#xE2D;&#xE25;&#xE14;&#xE04;&#xE27;&#xE32;&#xE21;&#xE40;&#xE2B;&#xE25;&#xE37;&#xE48;&#xE2D;&#xE21;&#xE25;&#xE49;&#xE33; -- &#xE20;&#xE32;&#xE1E;&#xE23;&#xE27;&#xE21;&#xE02;&#xE2D;&#xE07;&#xE41;&#xE19;&#xE27;&#xE42;&#xE19;&#xE49;&#xE21;&#xE43;&#xE19;&#xE01;&#xE32;&#xE23;&#xE01;&#xE23;&#xE30;&#xE08;&#xE32;&#xE22;&#xE23;&#xE32;&#xE22;&#xE44;&#xE14;&#xE49;&#xE41;&#xE25;&#xE30;&#xE04;&#xE27;&#xE32;&#xE21;&#xE40;&#xE2B;&#xE25;&#xE37;&#xE48;&#xE2D;&#xE21;&#xE25;&#xE49;&#xE33;&#xE43;&#xE19;&#xE1B;&#xE23;&#xE30;&#xE40;&#xE17;&#xE28;&#xE44;&#xE17;&#xE22; -- &#xE1C;&#xE25;&#xE01;&#xE23;&#xE30;&#xE17;&#xE1A;&#xE02;&#xE2D;&#xE07;&#xE01;&#xE32;&#xE23;&#xE04;&#xE49;&#xE32;&#xE41;&#xE25;&#xE30;&#xE01;&#xE32;&#xE23;&#xE02;&#xE22;&#xE32;&#xE22;&#xE15;&#xE31;&#xE27;&#xE02;&#xE2D;&#xE07;&#xE2A;&#xE32;&#xE02;&#xE32;&#xE01;&#xE32;&#xE23;&#xE1C;&#xE25;&#xE34;&#xE15;&#xE15;&#xE48;&#xE2D;&#xE01;&#xE32;&#xE23;&#xE01;&#xE23;&#xE30;&#xE08;&#xE32;&#xE22;&#xE23;&#xE32;&#xE22;&#xE44;&#xE14;&#xE49; -- &#xE1C;&#xE25;&#xE01;&#xE23;&#xE30;&#xE17;&#xE1A;&#xE02;&#xE2D;&#xE07;&#xE01;&#xE32;&#xE23;&#xE25;&#xE07;&#xE17;&#xE38;&#xE19;&#xE08;&#xE32;&#xE01;&#xE15;&#xE48;&#xE32;&#xE07;&#xE1B;&#xE23;&#xE30;&#xE40;&#xE17;&#xE28;&#xE15;&#xE48;&#xE2D;&#xE01;&#xE32;&#xE23;&#xE01;&#xE23;&#xE30;&#xE08;&#xE32;&#xE22;&#xE23;&#xE32;&#xE22;&#xE44;&#xE14;&#xE49; -- &#xE1A;&#xE17;&#xE1A;&#xE32;&#xE17;&#xE02;&#xE2D;&#xE07;&#xE01;&#xE32;&#xE23;&#xE04;&#xE49;&#xE32;&#xE0A;&#xE32;&#xE22;&#xE41;&#xE14;&#xE19;&#xE01;&#xE31;&#xE1A;&#xE01;&#xE32;&#xE23;&#xE25;&#xE14;&#xE04;&#xE27;&#xE32;&#xE21;&#xE40;&#xE2B;&#xE25;&#xE37;&#xE48;&#xE2D;&#xE21;&#xE25;&#xE49;&#xE33; -- &#xE01;&#xE32;&#xE23;&#xE04;&#xE49;&#xE32;&#xE23;&#xE30;&#xE2B;&#xE27;&#xE48;&#xE32;&#xE07;&#xE1B;&#xE23;&#xE30;&#xE40;&#xE17;&#xE28;&#xE41;&#xE25;&#xE30;&#xE04;&#xE27;&#xE32;&#xE21;&#xE44;&#xE21;&#xE48;&#xE40;&#xE17;&#xE48;&#xE32;&#xE40;&#xE17;&#xE35;&#xE22;&#xE21;&#xE02;&#xE2D;&#xE07;&#xE04;&#xE48;&#xE32;&#xE08;&#xE49;&#xE32;&#xE07;&#xE43;&#xE19;&#xE20;&#xE32;&#xE04;&#xE2D;&#xE38;&#xE15;&#xE2A;&#xE32;&#xE2B;&#xE01;&#xE23;&#xE23;&#xE21; -- &#xE01;&#xE32;&#xE23;&#xE17;&#xE33;&#xE40;&#xE01;&#xE29;&#xE15;&#xE23;&#xE1E;&#xE31;&#xE19;&#xE18;&#xE2A;&#xE31;&#xE0D;&#xE0D;&#xE32;&#xE40;&#xE1E;&#xE37;&#xE48;&#xE2D;&#xE2A;&#xE23;&#xE49;&#xE32;&#xE07;&#xE01;&#xE32;&#xE23;&#xE04;&#xE49;&#xE32;&#xE41;&#xE25;&#xE30;&#xE25;&#xE14;&#xE04;&#xE27;&#xE32;&#xE21;&#xE40;&#xE2B;&#xE25;&#xE37;&#xE48;&#xE2D;&#xE21;&#xE25;&#xE49;&#xE33; -- &#xE01;&#xE32;&#xE23;&#xE04;&#xE49;&#xE32;&#xE20;&#xE32;&#xE04;&#xE1A;&#xE23;&#xE34;&#xE01;&#xE32;&#xE23;&#xE41;&#xE25;&#xE30;&#xE01;&#xE32;&#xE23;&#xE17;&#xE48;&#xE2D;&#xE07;&#xE40;&#xE17;&#xE35;&#xE48;&#xE22;&#xE27;&#xE40;&#xE1E;&#xE37;&#xE48;&#xE2D;&#xE25;&#xE14;&#xE04;&#xE27;&#xE32;&#xE21;&#xE22;&#xE32;&#xE01;&#xE08;&#xE19; -- &#xE1A;&#xE17;&#xE1A;&#xE32;&#xE17;&#xE02;&#xE2D;&#xE07;&#xE1C;&#xE39;&#xE49;&#xE1B;&#xE23;&#xE30;&#xE01;&#xE2D;&#xE1A;&#xE01;&#xE32;&#xE23;&#xE41;&#xE25;&#xE30;&#xE27;&#xE34;&#xE2A;&#xE32;&#xE2B;&#xE01;&#xE34;&#xE08;&#xE02;&#xE19;&#xE32;&#xE14;&#xE01;&#xE25;&#xE32;&#xE07;&#xE41;&#xE25;&#xE30;&#xE02;&#xE19;&#xE32;&#xE14;&#xE22;&#xE48;&#xE2D;&#xE21;&#xE15;&#xE48;&#xE2D;&#xE01;&#xE32;&#xE23;&#xE25;&#xE14;&#xE04;&#xE27;&#xE32;&#xE21;&#xE40;&#xE2B;&#xE25;&#xE37;&#xE48;&#xE2D;&#xE21;&#xE25;&#xE49;&#xE33; -- &#xE01;&#xE32;&#xE23;&#xE04;&#xE49;&#xE32;&#xE20;&#xE32;&#xE04;&#xE40;&#xE01;&#xE29;&#xE15;&#xE23;&#xE01;&#xE23;&#xE23;&#xE21;&#xE01;&#xE31;&#xE1A;&#xE1C;&#xE25;&#xE01;&#xE23;&#xE30;&#xE17;&#xE1A;&#xE15;&#xE48;&#xE2D;&#xE17;&#xE23;&#xE31;&#xE1E;&#xE22;&#xE32;&#xE01;&#xE23;&#xE18;&#xE23;&#xE23;&#xE21;&#xE0A;&#xE32;&#xE15;&#xE34;&#xE41;&#xE25;&#xE30;&#xE2A;&#xE34;&#xE48;&#xE07;&#xE41;&#xE27;&#xE14;&#xE25;&#xE49;&#xE2D;&#xE21; -- &#xE40;&#xE28;&#xE23;&#xE29;&#xE10;&#xE01;&#xE34;&#xE08;&#xE2A;&#xE23;&#xE49;&#xE32;&#xE07;&#xE2A;&#xE23;&#xE23;&#xE04;&#xE4C;&#xE01;&#xE31;&#xE1A;&#xE01;&#xE32;&#xE23;&#xE25;&#xE14;&#xE04;&#xE27;&#xE32;&#xE21;&#xE40;&#xE2B;&#xE25;&#xE37;&#xE48;&#xE2D;&#xE21;&#xE25;&#xE49;&#xE33;&#xE41;&#xE25;&#xE30;&#xE01;&#xE32;&#xE23;&#xE40;&#xE08;&#xE23;&#xE34;&#xE0D;&#xE40;&#xE15;&#xE34;&#xE1A;&#xE42;&#xE15;&#xE2D;&#xE22;&#xE48;&#xE32;&#xE07;&#xE22;&#xE31;&#xE48;&#xE07;&#xE22;&#xE37;&#xE19; -- &#xE1A;&#xE17;&#xE2A;&#xE23;&#xE38;&#xE1B;&#xE41;&#xE25;&#xE30;&#xE02;&#xE49;&#xE2D;&#xE40;&#xE2A;&#xE19;&#xE2D;&#xE41;&#xE25;&#xE30;&#xE40;&#xE0A;&#xE34;&#xE07;&#xE19;&#xE42;&#xE22;&#xE1A;&#xE32;&#xE22;&#xE01;&#xE32;&#xE23;&#xE2A;&#xE23;&#xE49;&#xE32;&#xE07;&#xE23;&#xE30;&#xE1A;&#xE1A;&#xE01;&#xE32;&#xE23;&#xE04;&#xE49;&#xE32;&#xE40;&#xE1E;&#xE37;&#xE48;&#xE2D;&#xE25;&#xE14;&#xE04;&#xE27;&#xE32;&#xE21;&#xE40;&#xE2B;&#xE25;&#xE37;&#xE48;&#xE2D;&#xE21;&#xE25;&#xE49;&#xE33;.</subfield>
  </datafield>
  <datafield tag="650" ind1=" " ind2="4">
    <subfield code="9">9659</subfield>
    <subfield code="a">&#xE01;&#xE32;&#xE23;&#xE04;&#xE49;&#xE32;&#xE23;&#xE30;&#xE2B;&#xE27;&#xE48;&#xE32;&#xE07;&#xE1B;&#xE23;&#xE30;&#xE40;&#xE17;&#xE28;</subfield>
  </datafield>
  <datafield tag="650" ind1=" " ind2="4">
    <subfield code="a">&#xE01;&#xE32;&#xE23;&#xE04;&#xE49;&#xE32;&#xE23;&#xE30;&#xE2B;&#xE27;&#xE48;&#xE32;&#xE07;&#xE1B;&#xE23;&#xE30;&#xE40;&#xE17;&#xE28;</subfield>
    <subfield code="x">&#xE27;&#xE34;&#xE08;&#xE31;&#xE22;</subfield>
    <subfield code="9">5958</subfield>
    <subfield code="z">&#xE44;&#xE17;&#xE22;</subfield>
  </datafield>
  <datafield tag="650" ind1=" " ind2="4">
    <subfield code="a">&#xE04;&#xE27;&#xE32;&#xE21;&#xE40;&#xE2B;&#xE25;&#xE37;&#xE48;&#xE2D;&#xE21;&#xE25;&#xE49;&#xE33;&#xE17;&#xE32;&#xE07;&#xE40;&#xE28;&#xE23;&#xE29;&#xE10;&#xE01;&#xE34;&#xE08;</subfield>
    <subfield code="9">58876</subfield>
  </datafield>
  <datafield tag="650" ind1=" " ind2="4">
    <subfield code="9">430</subfield>
    <subfield code="a">&#xE01;&#xE32;&#xE23;&#xE1E;&#xE31;&#xE12;&#xE19;&#xE32;&#xE40;&#xE28;&#xE23;&#xE29;&#xE10;&#xE01;&#xE34;&#xE08;</subfield>
  </datafield>
  <datafield tag="650" ind1=" " ind2="4">
    <subfield code="9">13860</subfield>
    <subfield code="a">&#xE01;&#xE32;&#xE23;&#xE04;&#xE49;&#xE32;&#xE40;&#xE2A;&#xE23;&#xE35;&#xE41;&#xE25;&#xE30;&#xE01;&#xE32;&#xE23;&#xE04;&#xE38;&#xE49;&#xE21;&#xE04;&#xE23;&#xE2D;&#xE07;</subfield>
    <subfield code="x">&#xE27;&#xE34;&#xE08;&#xE31;&#xE22;</subfield>
    <subfield code="z">&#xE44;&#xE17;&#xE22;</subfield>
  </datafield>
  <datafield tag="651" ind1=" " ind2="4">
    <subfield code="a">&#xE44;&#xE17;&#xE22;</subfield>
    <subfield code="x">&#xE01;&#xE32;&#xE23;&#xE04;&#xE49;&#xE32;&#xE01;&#xE31;&#xE1A;&#xE15;&#xE48;&#xE32;&#xE07;&#xE1B;&#xE23;&#xE30;&#xE40;&#xE17;&#xE28; </subfield>
    <subfield code="x">&#xE27;&#xE34;&#xE08;&#xE31;&#xE22;</subfield>
    <subfield code="9">54447</subfield>
  </datafield>
  <datafield tag="651" ind1=" " ind2="4">
    <subfield code="a">&#xE44;&#xE17;&#xE22;</subfield>
    <subfield code="x">&#xE04;&#xE27;&#xE32;&#xE21;&#xE2A;&#xE31;&#xE21;&#xE1E;&#xE31;&#xE19;&#xE18;&#xE4C;&#xE17;&#xE32;&#xE07;&#xE40;&#xE28;&#xE23;&#xE29;&#xE10;&#xE01;&#xE34;&#xE08;&#xE01;&#xE31;&#xE1A;&#xE15;&#xE48;&#xE32;&#xE07;&#xE1B;&#xE23;&#xE30;&#xE40;&#xE17;&#xE28;</subfield>
    <subfield code="9">6515</subfield>
  </datafield>
  <datafield tag="700" ind1="0" ind2=" ">
    <subfield code="a">&#xE1B;&#xE31;&#xE07;&#xE1B;&#xE2D;&#xE19;&#xE14;&#xE4C; &#xE23;&#xE31;&#xE01;&#xE2D;&#xE33;&#xE19;&#xE27;&#xE22;&#xE01;&#xE34;&#xE08;</subfield>
    <subfield code="9">35920</subfield>
  </datafield>
  <datafield tag="850" ind1=" " ind2=" ">
    <subfield code="a">NALT</subfield>
  </datafield>
  <datafield tag="942" ind1=" " ind2=" ">
    <subfield code="2">lcc</subfield>
    <subfield code="c">RSH</subfield>
  </datafield>
  <datafield tag="996" ind1=" " ind2=" ">
    <subfield code="a">kornsiririn.r</subfield>
    <subfield code="b">CATSTF	</subfield>
    <subfield code="c">2024-02-24</subfield>
  </datafield>
  <datafield tag="999" ind1=" " ind2=" ">
    <subfield code="c">104709</subfield>
    <subfield code="d">104709</subfield>
  </datafield>
  <datafield tag="998" ind1=" " ind2=" ">
    <subfield code="j">3099</subfield>
    <subfield code="k"> &#xE1E;&#xE23;&#xE27;&#xE34;&#xE17;&#xE39;  &#xE42;&#xE04;&#xE49;&#xE27;&#xE04;&#xE0A;&#xE32;&#xE20;&#xE23;&#xE13;&#xE4C;</subfield>
  </datafield>
  <datafield tag="952" ind1=" " ind2=" ">
    <subfield code="0">0</subfield>
    <subfield code="1">0</subfield>
    <subfield code="2">lcc</subfield>
    <subfield code="4">0</subfield>
    <subfield code="7">0</subfield>
    <subfield code="8">CSEN</subfield>
    <subfield code="a">NALT</subfield>
    <subfield code="b">NALT</subfield>
    <subfield code="c">RSH</subfield>
    <subfield code="d">2024-02-24</subfield>
    <subfield code="l">0</subfield>
    <subfield code="o">&#xE27; HF 1594.55 &#xE1E;733&#xE01; 2559</subfield>
    <subfield code="p">0100011215001</subfield>
    <subfield code="r">2024-06-28 00:00:00</subfield>
    <subfield code="w">2024-02-24</subfield>
    <subfield code="y">RSH</subfield>
  </datafield>
</record>
